000 00397nam a2200181Ia 4500
008 220726s9999||||xx |||||||||||||| ||und||
020 _a9789386700865
082 _a610
082 _bPan/C
100 _aPandey, Meenu
245 0 _aPandey-Communication Skills
250 _a7th Edition
260 _aPune
260 _bNirali Prakashan
260 _c2022
300 _a10.1
942 _cPB
999 _c34722
_d34722